000 00780nam0a22002531 4500
001 rc\925153
005 20250622044108.0
035 _a(NLR Aleph) 006098895
090 _a5237680
_c5237680
100 _a20041129d1982 |||y0rusy50 ca
101 0 _arus
102 _aRU
105 _aa |||||||||
200 1 _aОленеводство Якутской АССР
210 _aЯкутск
_cКн. изд-во
_d1982
215 _a159 с.
_cил.
_d22
300 _aИзд. также под загл.: Оленеводство Якутии
320 _aБиблиогр.: с. 152-157
700 1 _aКурилюк
_bА.Д.
_gАлександр Данилович
801 0 _aRU
_bNLR
_gpsbo
801 1 _aRU
_bELAR
_2rusmarc
852 _aNLR
_j83-5/1741
942 _cBOOK
980 _aNB